000 00579nam a2200181Ia 4500
003 GCL
008 140319s9999 xx 000 0 ara d
040 _aGCL /
_cGCL
082 0 4 _a418.2
_bع م
100 1 _aعابد توفيق الهاشمى
245 1 0 _aالموجة العملى لمدرسى اللغة العربية /
_cعابد توفيق الهاشمى
300 _a399 ص
490 _a
650 0 4 _aالبلاغة
650 0 4 _aاللغة العربية - طرق تدريس
650 0 4 _aاللغة العربية - قواعد الاملاء
942 _2ddc
_cBK
999 _c41784
_d41784